000 00437cam a2200145 4500
008 110908n 000 0 eng u
035 _a(Sirsi) a174303
050 _aDS 835 SAN 1963
100 _aSansom, George
245 _aA History Of Japan 1334-1615/
_cGeorge Sansom
260 _aTokyo:
_bCharles E.Tuttle Company,
_c1963
300 _a442p.
504 _aIncludes bibliographical references and index
650 _aHistory -Japan
999 _c116350
_d116350